[Event "CZE-ch Seniors 65"]
[Site "Olomouc"]
[Date "2023.08.17"]
[Round "7"]
[White "Pesek, Petr"]
[Black "Kubala, Karel"]
[Result "1/2-1/2"]
[WhiteElo "1927"]
[BlackElo "1747"]
[PlyCount "39"]
[EventDate "2023.08.12"]
[EventType "swiss"]
[EventRounds "9"]
[EventCountry "CZE"]
[SourceTitle "EXT 2024"]
[Source "ChessBase"]
[SourceDate "2023.10.10"]
[SourceVersion "1"]
[SourceVersionDate "2023.10.10"]
[SourceQuality "1"]

1. e4 e6 2. Bb5 a6 3. Ba4 b5 4. Bb3 Qg5 5. Qf3 Bb7 6. Nc3 f5 7. d4 Qg6 8. d5 fxe4 9. Qg3 Qxg3 10. hxg3 exd5 11. Nxd5 Bd6 12. Bf4 Bxf4 13. gxf4 Kd8 14. 0-0-0 Nc6 15. Ne2 Na5 16. Ng3 Nxb3+ 17. cxb3 Bxd5 18. Rxd5 Nf6 19. Rg5 Rg8 20. Nh5 1/2-1/2

[Event "CZE-ch Seniors 65"]
[Site "Olomouc"]
[Date "2023.08.13"]
[Round "2"]
[White "Kubala, Karel"]
[Black "Musil, Vitezslav"]
[Result "1-0"]
[WhiteElo "1747"]
[BlackElo "1871"]
[PlyCount "115"]
[EventDate "2023.08.12"]
[EventType "swiss"]
[EventRounds "9"]
[EventCountry "CZE"]
[SourceTitle "EXT 2024"]
[Source "ChessBase"]
[SourceDate "2023.10.10"]
[SourceVersion "1"]
[SourceVersionDate "2023.10.10"]
[SourceQuality "1"]

1. d4 Nf6 2. Nf3 g6 3. c4 Bg7 4. Nc3 0-0 5. Bg5 d6 6. e3 c6 7. Be2 a6 8. 0-0 b5 9. cxb5 cxb5 10. a3 Bb7 11. Rc1 Nbd7 12. d5 Rc8 13. Bxf6 Nxf6 14. Qd3 Rxc3 15. Rxc3 Nxd5 16. Rc2 Nf6 17. Nd2 Qa8 18. Bf3 d5 19. Nb3 e5 20. Qd2 Rd8 21. Na5 Bc8 22. Nc6 Re8 23. Rfc1 Bf5 24. Rc3 e4 25. Be2 Be6 26. R3c2 Bf8 27. Qd4 Nd7 28. a4 Bg7 29. Qb4 Bf8 30. Qa5 bxa4 31. Bxa6 Bd6 32. Qb5 Rf8 33. Nd4 Qb8 34. Qxb8 Nxb8 35. Nxe6 fxe6 36. Bb5 a3 37. bxa3 Bxa3 38. Ra1 Bd6 39. Ra7 Rf7 40. Rc8+ Kg7 41. Rxf7+ Kxf7 42. Rd8 Be5 43. h3 Ke7 44. Re8+ Kf7 45. Rc8 Ke7 46. f4 exf3 47. gxf3 Nd7 48. f4 Bd6 49. Bxd7 Kxd7 50. Rh8 d4 51. Rxh7+ Kc6 52. Kf2 d3 53. Rh6 g5 54. fxg5 Bg3+ 55. Kf3 Kd5 56. g6 e5 57. g7 e4+ 58. Kxg3 1-0

[Event "Ostrava Konik op-A"]
[Site "Ostrava"]
[Date "2016.05.02"]
[Round "3"]
[White "Kubala, Karel"]
[Black "Pech, Vaclav"]
[Result "1/2-1/2"]
[WhiteElo "1996"]
[BlackElo "1961"]
[PlyCount "35"]
[EventDate "2016.04.30"]
[EventType "swiss"]
[EventRounds "9"]
[EventCountry "CZE"]
[SourceTitle "CBM 172 Extra"]
[Source "ChessBase"]
[SourceDate "2016.06.21"]
[SourceVersion "1"]
[SourceVersionDate "2016.06.21"]
[SourceQuality "1"]

1. d4 Nf6 2. Nf3 g6 3. Nc3 d5 4. Bf4 Bg7 5. e3 0-0 6. Be2 Bg4 7. h3 Bxf3 8. Bxf3 c6 9. 0-0 Nbd7 10. a4 a5 11. Qe2 Qb6 12. Ra3 Qa7 13. Rb3 Rfe8 14. Qd2 e5 15. dxe5 Nxe5 16. Be2 Bf8 17. Qd4 Nfd7 18. Bxe5 1/2-1/2

[Event "Brno op"]
[Site "Brno"]
[Date "2015.08.28"]
[Round "7"]
[White "Kubala, Karel"]
[Black "Lanc, Alois"]
[Result "0-1"]
[WhiteElo "1955"]
[BlackElo "2290"]
[PlyCount "38"]
[EventDate "2015.08.23"]
[EventType "swiss"]
[EventRounds "9"]
[EventCountry "CZE"]
[SourceTitle "EXT 2016"]
[Source "ChessBase"]
[SourceDate "2015.10.08"]
[SourceVersion "1"]
[SourceVersionDate "2015.10.08"]
[SourceQuality "1"]

1. d4 g6 2. Nf3 Bg7 3. e4 c5 4. d5 d6 5. Bb5+ Nd7 6. a4 a6 7. Bd3 Ngf6 8. Nc3 0-0 9. h3 Ne5 10. Nxe5 dxe5 11. Bc4 Ne8 12. 0-0 Nd6 13. Qe2 f5 14. f4 b5 15. axb5 Nxc4 16. Qxc4 axb5 17. Qxb5 Rxa1 18. Qxc5 exf4 19. Ne2 fxe4 0-1

[Event "Pobeskydy op"]
[Site "Frydek Mistek"]
[Date "2014.04.19"]
[Round "6"]
[White "Berek, Geza"]
[Black "Kubala, Karel"]
[Result "1-0"]
[WhiteElo "2167"]
[BlackElo "1904"]
[PlyCount "59"]
[EventDate "2014.04.17"]
[EventType "swiss"]
[EventRounds "9"]
[EventCountry "CZE"]
[SourceTitle "CBM 159 Extra"]
[Source "ChessBase"]
[SourceDate "2014.04.24"]
[SourceVersion "1"]
[SourceVersionDate "2014.04.24"]
[SourceQuality "1"]

1. e4 e6 2. d4 d5 3. Nd2 Nf6 4. e5 Nfd7 5. Bd3 c5 6. c3 Nc6 7. Ne2 cxd4 8. cxd4 f6 9. exf6 Nxf6 10. Nf3 Be7 11. 0-0 0-0 12. Bg5 Qb6 13. b3 Bd7 14. Re1 Bb4 15. Bd2 Rfe8 16. Bxb4 Qxb4 17. Ng3 g6 18. a3 Qd6 19. Bb5 Ne7 20. Bf1 Rac8 21. Ne5 Rc7 22. Bd3 Rec8 23. Qd2 Nf5 24. Qg5 Kg7 25. h4 Ng8 26. h5 Nge7 27. hxg6 Rg8 28. Nh5+ Kf8 29. Qf6+ Ke8 30. gxh7 1-0